ნორმალური ფორმატი
MARC ფორმატი
ჩანაწერი Meeting Name
ჩანაწერთა რაოდენობა, რომელიც გამოყენებულია: 1
001 - CONTROL NUMBER
- control field: 13176
003 - CONTROL NUMBER IDENTIFIER
- control field: GE_BSU
005 - DATE AND TIME OF LATEST TRANSACTION
- control field: 20211203164340.0
008 - FIXED-LENGTH DATA ELEMENTS
- fixed length control field: 211203|| aca||aabn | a|a d
040 ## - CATALOGING SOURCE
- Original cataloging agency: GE_BSU
- Transcribing agency: GE_BSU
111 ## - HEADING--MEETING NAME
- Meeting name or jurisdiction name as entry element: სსრკ მეცნიერებათა აკადემია
- Subordinate unit: საქართველოს ფილიალი, ენის, ისტორიისა და მატერიალური კულტურის ინსტიტუტი აკად. ნ. მარის სახელობის ნ. მარის სახ.
670 ## - SOURCE DATA FOUND
- Source citation: Work cat.: (GE_BSU)54519: ყიფშიძე, იოსებ 13175, ჭანური ტექსტები /
